Optimalizácia obnovy stokovej siete prostredníctvom moderných bezvýkopových technológií

Salvato in:
Dettagli Bibliografici
Autore principale: Hulín, Hugo (Autore)
Altri autori: Hrudka, Jaroslav (Relatore della tesi)
Natura: Manoscritto Libro
Lingua:slovacco
Pubblicazione: 2025
Soggetti:
Accesso online:http://is.stuba.sk/zp/portal_zp.pl?podrobnosti=193246
CRZP
Tags: Aggiungi Tag
Nessun Tag, puoi essere il primo ad aggiungerne!!

MARC

LEADER 00000ntm a22000003a 4500
001 stuzp105376
003 SK-STU
005 20250724110510.7
007 ta
008 150427s2015----xo-----f-mn---000-0-slo-d
040 |a STU  |b slo 
041 0 |a slo 
100 1 |a Hulín, Hugo  |u 010280  |4 aut  |U SvF Stavebná fakulta  |T SvF Katedra zdravotného inžinierstva  |X 114804  |U V280  |Y 29  |7 114804 
242 0 1 |a Optimization of sewer network renewal using modern trenchless technologies  |y eng 
245 1 0 |a Optimalizácia obnovy stokovej siete prostredníctvom moderných bezvýkopových technológií 
260 |c 2025 
650 4 |a bezvýkopová  |2 slo 
650 4 |a kanalizácia  |2 slo 
650 4 |a rekonštrukcia  |2 slo 
650 4 |a trenchless  |2 eng 
650 4 |a sewerage  |2 eng 
650 4 |a reconstruction  |2 eng 
700 1 |a Hrudka, Jaroslav  |u 010280  |k Z1  |4 ths  |U SvF Stavebná fakulta  |T SvF Katedra zdravotného inžinierstva  |X 50522  |U V280  |Y 29  |7 A000050522 
856 4 |u http://is.stuba.sk/zp/portal_zp.pl?podrobnosti=193246 
856 4 |u https://opac.crzp.sk/?fn=detailBiblioForm&sid=4013D2F8FE5692F45AC22C4F6B33  |z CRZP